000 00628nam a22002177a 4500
003 ITZ
005 20230224105248.0
008 230224b |||||||| |||| 00| 0 spa d
020 _a978-607-15-1374-8
035 _a17294
041 _aspa
050 _aHC28
_bB116 2016
082 _a658.404
_bb113e 2016
100 1 _aBaca Urbina, Gabriel
245 _aEvaluación de proyectos
_cGabriel Baca Urbina
250 _a8
260 _aMéxico:
_bMcGraw Hill,
_c2016
300 _axii, 419 p. ;
_c27 cm.
650 _a1. EVALUACIÓN DE PROYECTOS / 2. PROYECTOS INDISTRIALES / 3. PROYECTOS DE DESARROLLO ECONÓMICO
942 _cBK
999 _c28925
_d28925